000 00675nam a2200217 i 4500
001 105073
003 ES-MaACL
005 20250522063046.0
007 t|
008 060609s1992 fr ||||1| fre d
020 _a2-908034-31-X
080 _a929 Massenet, Jules
100 1 _aMassenet, Jules,
_d1842-1912
_9240595
245 1 0 _aMassenet
_b: mes souvenirs /
_cnouvelle édition commenté par Gérard Condé.
260 _a[S.l.] :
_bPlume,
_c1992.
300 _a345 p. ;
_c21 cm.
500 _aBiblioteca Jacinto Martínez Lacalle.
600 1 4 _aMassenet, Jules,
_d1842-1912
_9240595
852 _aES-MaACL
_jE-11254
_bR.139157
999 _c105073
_d105073